[Event "Titled Tue 3rd Jan Late"]
[Site "chess.com INT"]
[Date "2025.06.03"]
[Round "4"]
[White "Zilberstein, Dmitry"]
[Black "Tristan, Leonardo"]
[Result "0-1"]
[WhiteTitle "IM"]
[BlackTitle "GM"]
[WhiteElo "2358"]
[BlackElo "2536"]
[WhiteFideId "2010739"]
[BlackFideId "113816"]
[EventDate "2025.06.03"]

1. d4 d5 2. c4 e6 3. Nf3 Nf6 4. g3 Be7 5. Bg2 O-O 6. O-O dxc4 7. Na3 Bxa3 8.
bxa3 Bd7 9. Ne5 Bc6 10. Nxc6 Nxc6 11. e3 Rb8 12. Qc2 e5 13. d5 Ne7 14. Qxc4
Nexd5 15. Bb2 Nb6 16. Qb5 Nbd7 17. Bxe5 c6 18. Qb2 Nxe5 19. Qxe5 Re8 20. Qc5 Qb6
21. Rfc1 Qxc5 22. Rxc5 Rbd8 23. Rb1 Rd7 24. a4 Red8 25. Bf3 g6 26. a5 a6 27. Rc4
h5 28. Rcb4 Ne8 29. Rxb7 Rxb7 30. Rxb7 Nf6 31. Bxc6 Rd2 32. Bf3 Rxa2 33. Rb6 Nd7
34. Rxg6+ Kf8 35. Rxa6 Ne5 36. Bxh5 Nd3 37. Rf6 Kg7 38. Rxf7+ Kh6 39. Bg4 Ne5
40. h3 Nxf7 41. Be6 Ra1+ 42. Kg2 Ng5 43. Bd5 Rxa5 44. e4 Kg6 45. h4 Nf7 46. f4
Ra3 47. Kh3 Nh6 48. Be6 Kf6 49. Bd5 Rc3 50. e5+ Kf5 51. Bb7 Kg6 52. Be4+ Nf5 53.
h5+ Kh6 54. Bxf5 Kxh5 55. Bg4+ Kg6 56. Bf5+ Kxf5 0-1

[Event "Titled Tue 3rd Jan Late"]
[Site "chess.com INT"]
[Date "2025.06.03"]
[Round "4"]
[White "De Sousa, Antonio Micaias Silva"]
[Black "Bian, Alex"]
[Result "1-0"]
[BlackTitle "FM"]
[WhiteElo "2007"]
[BlackElo "2342"]
[WhiteFideId "22798528"]
[BlackFideId "2056372"]
[EventDate "2025.06.03"]

1. e4 c5 2. Nf3 g6 3. c4 Nc6 4. d4 cxd4 5. Nxd4 Nf6 6. Nc3 d6 7. Be2 Nxd4 8.
Qxd4 Bg7 9. Bg5 O-O 10. Qd2 Be6 11. O-O Qa5 12. Rfd1 Rfc8 13. b3 b5 14. Bxf6
Bxf6 15. Nd5 Qxd2 16. Nxf6+ exf6 17. Rxd2 bxc4 18. Bxc4 Bxc4 19. bxc4 Rxc4 20.
Rxd6 Rxe4 21. Rxf6 Rb8 22. g3 Ra4 23. Rf3 Rb2 24. a3 f5 25. Rc3 Kg7 26. Rd1 Ra2
27. Rd7+ Kf6 28. Rxh7 R4xa3 29. Rxa3 Rxa3 30. Rb7 Kg5 31. Kg2 Ra2 32. Rc7 a5 33.
Ra7 a4 34. Ra6 Kh5 35. h4 Ra3 36. Ra5 Kg4 37. Ra6 Kh5 38. Ra5 Ra2 39. Ra6 a3 40.
Ra5 Ra1 41. Ra4 a2 42. Ra5 Kh6 43. Ra6 Kh5 44. Ra5 Kh6 45. Ra6 Kg7 46. Kf3 Kf7
47. Kf4 Kg7 48. Kg5 Kf7 49. Ra7+ Ke6 50. Kxg6 f4 51. h5 fxg3 52. fxg3 Rg1 53.
Rxa2 Rxg3+ 54. Kh6 Rh3 55. Rf2 Ke7 56. Kg6 Rg3+ 57. Kh7 Rh3 58. h6 Ke6 59. Kg7
Rg3+ 60. Kh8 Rh3 61. h7 Ke7 62. Rf1 Rg3 63. Rf5 Ke6 64. Rf8 Ke7 65. Rg8 Rh3 66.
Kg7 Rg3+ 67. Kh6 Rh3+ 68. Kg6 Rg3+ 69. Kf5 Rh3 70. h8=Q 1-0

[Event "Titled Tue 3rd Jan Late"]
[Site "chess.com INT"]
[Date "2025.06.03"]
[Round "4"]
[White "Yevchenko, Oleksandr"]
[Black "Bongo Akanga Ndjila, Barthelemy"]
[Result "1-0"]
[WhiteTitle "CM"]
[BlackTitle "CM"]
[WhiteElo "2276"]
[BlackElo "1847"]
[WhiteFideId "14108267"]
[BlackFideId "10609431"]
[EventDate "2025.06.03"]

1. c4 e6 2. e4 d5 3. exd5 exd5 4. cxd5 Nf6 5. Nc3 Nxd5 6. Bc4 Nb6 7. Bb3 c5 8.
d3 Nc6 9. Be3 Be7 10. Nf3 O-O 11. O-O Bg4 12. h3 Bh5 13. g4 Bg6 14. d4 cxd4 15.
Nxd4 Na5 16. f4 Nxb3 17. axb3 h6 18. f5 Bh7 19. Ndb5 a6 20. Qxd8 Bxd8 21. Nd6
Rb8 22. Rad1 Bc7 23. Bc5 Nd7 24. Nxb7 Nxc5 25. Nxc5 Bb6 26. Na4 Ba7 27. Rd7
Bxc5+ 28. Nxc5 Rb5 29. Rc1 a5 30. Rb7 Rxb7 31. Nxb7 Rb8 32. Nxa5 h5 33. b4 hxg4
34. hxg4 g6 35. f6 g5 36. Nc6 Ra8 37. Ne7+ Kf8 38. Kf2 Be4 39. Re1 Bb7 40. b5
Ra2 41. Re2 Ra5 42. b6 Rb5 43. Rd2 Ke8 44. Rd6 Rxb2+ 45. Ke3 Rb3+ 46. Kd4 Rb4+
47. Kc5 Rxg4 48. Nf5 Rf4 49. Ng7+ Kf8 50. Rd8# 1-0

[Event "Titled Tue 3rd Jan Late"]
[Site "chess.com INT"]
[Date "2025.06.03"]
[Round "4"]
[White "Matta, Vinay Kumar"]
[Black "Tahmasebi, Hamidreza"]
[Result "0-1"]
[WhiteTitle "FM"]
[BlackTitle "FM"]
[WhiteElo "2120"]
[BlackElo "2298"]
[WhiteFideId "5016649"]
[BlackFideId "12537527"]
[EventDate "2025.06.03"]

1. e4 c5 2. Nf3 e6 3. d4 cxd4 4. Nxd4 Nf6 5. Bd3 Nc6 6. Nxc6 bxc6 7. O-O d5 8.
Nd2 Be7 9. Qe2 O-O 10. b3 a5 11. Bb2 a4 12. Rad1 axb3 13. axb3 Ra2 14. Ba1 Qb6
15. Kh1 Ba6 16. exd5 cxd5 17. c4 dxc4 18. bxc4 Rd8 19. Bc3 Ra3 20. Rb1 Qd6 21.
Bb4 Qxd3 22. Qxd3 Raxd3 23. Bxe7 Rxd2 24. Bxd8 Rxd8 25. Rfc1 Ne4 26. Kg1 Kf8 27.
f3 Nc5 28. Ra1 Nb3 29. Rd1 Rxd1+ 30. Rxd1 Bxc4 31. Rd8+ Ke7 32. Rg8 g6 33. Rh8
h5 34. g4 hxg4 35. fxg4 Kf6 36. h4 Kg7 37. Rc8 Bd5 38. Kf2 Nd4 39. Ke3 Nf3 40.
h5 gxh5 41. gxh5 Nh4 42. Kf4 Nf5 43. Rc7 Kf6 44. Ra7 e5+ 45. Kg4 Be6 46. Kf3 Kg5
47. Ra5 f6 48. Ra6 Kxh5 49. Ke4 Nd4 50. Rd6 Bf5+ 0-1

[Event "Titled Tue 3rd Jan Late"]
[Site "chess.com INT"]
[Date "2025.06.03"]
[Round "4"]
[White "Kozionov, Kirill"]
[Black "Yushko, Olga"]
[Result "1-0"]
[WhiteTitle "IM"]
[BlackTitle "WFM"]
[WhiteElo "2449"]
[BlackElo "2036"]
[WhiteFideId "24101729"]
[BlackFideId "14114500"]
[EventDate "2025.06.03"]

1. e4 Nf6 2. e5 Nd5 3. d4 d6 4. Nf3 Bg4 5. Be2 c6 6. O-O Bxf3 7. Bxf3 dxe5 8.
dxe5 e6 9. c4 Ne7 10. Qxd8+ Kxd8 11. Be3 Nd7 12. Rd1 Kc7 13. g4 Nxe5 14. Be2 g6
15. Bd4 f6 16. f4 Nd7 17. Nc3 e5 18. fxe5 fxe5 19. Bf2 Bg7 20. Ne4 Rad8 21. Ng5
Nf8 22. Rxd8 Kxd8 23. Nf7+ Kc7 24. Nxh8 Bxh8 25. Bxa7 Ne6 26. Be3 Nd4 27. Bxd4
exd4 28. Rd1 c5 29. a3 Nc6 30. Kg2 Kd6 31. Kg3 Be5+ 32. Kh4 Nd8 33. h3 Ne6 34.
Rf1 g5+ 35. Kh5 Nf4+ 36. Rxf4 Bxf4 37. Kh6 Ke5 38. Bd3 Bc1 39. Kxh7 Bxb2 40. a4
Bc1 41. Kg6 Kf4 42. Kf6 Ke3 43. Bf5 d3 44. Ke6 d2 45. Bc2 Ba3 46. Kd6 Kd4 47.
Kc7 Kxc4 48. Kxb7 Kc3 49. Bd1 Bb4 50. Kc6 Kd3 51. Kb5 Kc3 52. a5 Bxa5 53. Kxa5
Kc4 54. Ka4 Kd4 55. Kb3 c4+ 56. Kc2 c3 57. Be2 Ke3 58. Bd1 Kf4 59. Kxc3 Kg3 60.
Kxd2 Kxh3 61. Ke3 Kg3 62. Ke4 Kf2 63. Kf5 1-0

[Event "Titled Tue 3rd Jan Late"]
[Site "chess.com INT"]
[Date "2025.06.03"]
[Round "4"]
[White "Alves Campelo, Danilo Cesar De L"]
[Black "Clawitter, Craig"]
[Result "1-0"]
[WhiteElo "2028"]
[BlackElo "2050"]
[WhiteFideId "2123657"]
[BlackFideId "2023105"]
[EventDate "2025.06.03"]

1. e4 e5 2. Nf3 Nc6 3. Bb5 a6 4. Ba4 Nf6 5. O-O Be7 6. Re1 b5 7. Bb3 d6 8. h3
Na5 9. c3 Nxb3 10. axb3 O-O 11. d3 Bb7 12. b4 Nd7 13. Be3 c5 14. bxc5 dxc5 15.
Nbd2 Qc7 16. Nb3 a5 17. Ra2 Rfd8 18. Qc2 a4 19. Nbd2 Nf8 20. Rea1 Ne6 21. b3
axb3 22. Qxb3 Rxa2 23. Rxa2 Bc6 24. Ne1 h6 25. Ndf3 Nf4 26. Bxf4 exf4 27. Qb1
Bf6 28. Qa1 b4 29. Ra7 Qb8 30. e5 Bxe5 31. Nxe5 Qxe5 32. cxb4 Qxa1 33. Rxa1 cxb4
34. Rb1 Rb8 35. Nc2 b3 36. Nd4 Bd5 37. Rb2 Rb4 38. Ne2 f3 39. gxf3 Bxf3 40. Nc1
Bd5 41. Kf1 Rb5 42. Ke2 Rc5 43. Kd2 Rc2+ 44. Rxc2 bxc2 45. Kxc2 h5 46. Kc3 g5
47. Kd4 Be6 48. Ke5 Bxh3 49. d4 Kg7 50. d5 f6+ 51. Kd6 Kg6 52. Kc7 g4 53. d6 g3
54. fxg3 f5 55. d7 f4 56. d8=Q fxg3 57. Qg8+ Kf5 58. Qxg3 Bg4 59. Nd3 Kg5 60.
Qf4+ Kh4 61. Qf2+ Kh3 62. Nf4# 1-0

[Event "Titled Tue 3rd Jan Late"]
[Site "chess.com INT"]
[Date "2025.06.03"]
[Round "4"]
[White "Rosen, Eric"]
[Black "Panin, Mikhail"]
[Result "0-1"]
[WhiteTitle "IM"]
[BlackTitle "CM"]
[WhiteElo "2377"]
[BlackElo "2262"]
[WhiteFideId "2032562"]
[BlackFideId "34164992"]
[EventDate "2025.06.03"]

1. d4 d5 2. Bf4 Nf6 3. Nf3 e6 4. e3 Bd6 5. Ne5 O-O 6. Nd2 c5 7. c3 Qc7 8. Bd3
Nc6 9. Ndf3 cxd4 10. exd4 Ne4 11. Bg3 Ne7 12. Qe2 f6 13. Ng4 Bd7 14. Bxe4 dxe4
15. Bxd6 Qxd6 16. Qxe4 f5 17. Qe5 Qb6 18. Ne3 Qxb2 19. O-O Qb6 20. Nc4 Qc6 21.
Qd6 Qxd6 22. Nxd6 b6 23. Ne5 Ba4 24. c4 Rad8 25. c5 Nd5 26. Rac1 Nf6 27. f3 Nd7
28. Rfe1 bxc5 29. dxc5 Nxc5 30. Nef7 Nd3 31. Nxd8 Nxc1 32. Nxe6 Nd3 33. Re3 Rf6
34. Ng5 Rxd6 35. h4 h6 36. Nh3 Bb5 37. h5 a6 38. Re2 Kf7 39. Rc2 Rc6 40. Rd2 Kf6
41. Kh2 Re6 42. a4 Bc4 43. Rc2 Rc6 44. Rc3 Ke5 45. Rc2 Kd4 46. Re2 Ne5 47. Rd2+
Bd3 48. Nf4 Ke3 49. Rb2 Kxf4 50. Rb7 Nxf3+ 51. gxf3 Rc2+ 52. Kg1 Kxf3 53. Rxg7
Rc1+ 54. Kh2 f4 55. Rg6 Bxg6 56. hxg6 Rc6 57. g7 Rg6 58. g8=Q Rxg8 59. a5 Rg5
60. Kh1 Kf2 61. Kh2 Rh5# 0-1

[Event "Titled Tue 3rd Jan Late"]
[Site "chess.com INT"]
[Date "2025.06.03"]
[Round "4"]
[White "Harish, Neeraj"]
[Black "Hadzovic, Amir"]
[Result "0-1"]
[WhiteTitle "CM"]
[BlackTitle "FM"]
[WhiteElo "2192"]
[BlackElo "2354"]
[WhiteFideId "30958130"]
[BlackFideId "14402300"]
[EventDate "2025.06.03"]

1. c4 e5 2. g3 Nc6 3. Bg2 Bc5 4. Nc3 d6 5. e3 a6 6. Nge2 Ba7 7. O-O h5 8. h3 h4
9. g4 f5 10. gxf5 Bxf5 11. d4 Qd7 12. Kh2 Nf6 13. e4 Bg6 14. Be3 O-O-O 15. d5
Nd4 16. Nxd4 exd4 17. Bxd4 Bxd4 18. Qxd4 Kb8 19. Rae1 Rdf8 20. f4 Nh5 21. Ne2
Bh7 22. b4 Qe7 23. c5 g5 24. cxd6 cxd6 25. e5 gxf4 26. Nxf4 Ng3 27. Rf3 Rhg8 28.
Ne6 Rxf3 29. Bxf3 Bf5 30. exd6 Qxd6 31. Qe5 Nf1+ 32. Kh1 Ng3+ 33. Kh2 Qxe5 34.
Rxe5 Nf1+ 35. Kh1 Bxh3 36. Nf4 Bc8 37. Bg2 Ng3+ 38. Kh2 Rf8 39. Ne6 Rf2 40. Kh3
Rxa2 41. Bf3 Nf1 42. Kxh4 Nd2 43. Bg4 Ra4 44. d6 Rxb4 45. Kg5 Nc4 46. Re4 Rb5+
47. Kf6 Nxd6 48. Rd4 Ne8+ 49. Ke7 Nc7 50. Nxc7 Kxc7 51. Rc4+ Kb6 52. Bxc8 Re5+
53. Kd6 Re1 54. Be6 Rd1+ 55. Bd5 Ka7 0-1

[Event "Titled Tue 3rd Jan Late"]
[Site "chess.com INT"]
[Date "2025.06.03"]
[Round "4"]
[White "Dambaev, Dashi"]
[Black "Caprio, Guido"]
[Result "0-1"]
[WhiteTitle "CM"]
[BlackTitle "IM"]
[WhiteElo "2211"]
[BlackElo "2435"]
[WhiteFideId "55628494"]
[BlackFideId "834580"]
[EventDate "2025.06.03"]

1. d4 Nf6 2. c4 e6 3. Nf3 b6 4. g3 Bb7 5. Bg2 Bb4+ 6. Bd2 c5 7. Bxb4 cxb4 8. O-O
O-O 9. a3 bxa3 10. Nxa3 a5 11. Nb5 Na6 12. Nd6 Bc6 13. Rc1 Qe7 14. c5 Nb8 15.
Ne5 Bxg2 16. Kxg2 Nc6 17. Nxc6 dxc6 18. Qb3 b5 19. Qf3 Nd5 20. e4 Nb4 21. e5 f5
22. h4 Nd5 23. Qd3 f4 24. Rce1 f3+ 25. Kh2 Rf4 26. Re4 Raf8 27. Rfe1 Kh8 28.
Rxf4 Rxf4 29. Re4 Rf8 30. Re1 g5 31. Qe4 gxh4 32. Qxh4 Qxh4+ 33. gxh4 Rf4 34.
Re4 Rxe4 35. Nxe4 a4 36. Kg3 b4 37. Nd2 a3 38. bxa3 bxa3 39. Nb3 a2 40. Kxf3 Nb4
41. Na1 Kg7 42. Ke3 Kg6 43. Kd2 Kf5 44. Kc3 Nd5+ 45. Kb3 Ke4 46. Kxa2 Kxd4 47.
Nb3+ Kxe5 48. Kb2 Ke4 49. Kc2 Kf3 50. Nd4+ Kxf2 51. Nxc6 Kg3 52. Kd3 Kxh4 53.
Kd4 Kg3 54. Nd8 Nc7 55. Ke5 h5 56. Nxe6 h4 0-1

[Event "Titled Tue 3rd Jan Late"]
[Site "chess.com INT"]
[Date "2025.06.03"]
[Round "4"]
[White "Harriott, Tyrell"]
[Black "Bratovic, Blaz"]
[Result "0-1"]
[BlackTitle "IM"]
[WhiteElo "1924"]
[BlackElo "2319"]
[WhiteFideId "2086484"]
[BlackFideId "14603551"]
[EventDate "2025.06.03"]

1. d4 f5 2. e3 Nf6 3. Bd3 e6 4. f4 b6 5. Nf3 Bb7 6. O-O Be7 7. Nbd2 O-O 8. Qe2
Ne4 9. c3 d6 10. Qe1 Nd7 11. Qe2 Bf6 12. Qe1 Qe7 13. Nb1 c5 14. b3 a6 15. Bb2 b5
16. Nbd2 Rac8 17. Rc1 h6 18. Qe2 Nb6 19. c4 b4 20. Qd1 a5 21. Qc2 Nxd2 22. Nxd2
a4 23. Nf3 Ra8 24. Rce1 axb3 25. axb3 Ra2 26. Qc1 Rfa8 27. Bb1 R2a5 28. Nd2 d5
29. Nf3 Rc8 30. Ne5 Ba6 31. dxc5 Nd7 32. Bd4 Bxe5 33. fxe5 Nxc5 34. Qb2 Ra3 35.
Bc2 Qb7 36. Rf2 dxc4 37. bxc4 Bxc4 38. Bb1 Bd5 39. Rc1 Raa8 40. Bxc5 b3 41. Bd4
Rd8 42. h3 g5 43. Kh2 h5 44. Qd2 Qg7 45. Qe1 g4 46. g3 h4 47. Qg1 Rd7 48. gxh4
Kf7 49. Qg3 Rh8 50. Qxg4 Qxg4 51. hxg4 Rxh4+ 52. Kg3 Rxg4+ 53. Kh3 Rb7 54. Rf4
Rg6 55. Rh4 b2 56. Rc8 Rg1 57. Rh7+ Kg6 58. Rxb7 Rxb1 0-1

[Event "Titled Tue 3rd Jan Late"]
[Site "chess.com INT"]
[Date "2025.06.03"]
[Round "4"]
[White "Barwinska, Ewa"]
[Black "Escareno Rojas, Angel Salvador"]
[Result "0-1"]
[WhiteTitle "WFM"]
[WhiteElo "2014"]
[BlackElo "1965"]
[WhiteFideId "21833761"]
[BlackFideId "5107733"]
[EventDate "2025.06.03"]

1. e4 c5 2. Nf3 d6 3. d4 cxd4 4. Nxd4 a6 5. Nc3 Nf6 6. Bg5 e6 7. f4 Qb6 8. a3 h6
9. Bh4 e5 10. fxe5 dxe5 11. Nb3 Qe3+ 12. Be2 Nc6 13. Bf2 Qg5 14. Bf3 Bg4 15. h4
Qg6 16. Nd5 O-O-O 17. h5 Bxf3 18. Qxf3 Qxe4+ 19. Qxe4 Nxe4 20. Nb6+ Kc7 21. Nc4
b5 22. Ne3 Nxf2 23. Kxf2 Be7 24. Rad1 Bg5 25. Nf5 g6 26. Ne3 Ne7 27. Nc5 a5 28.
hxg6 Nxg6 29. Nd5+ Kc6 30. b4 Rxd5 31. Ne4 Rxd1 32. Rxd1 axb4 33. Rd6+ Kc7 34.
axb4 Rd8 35. Ra6 Rb8 36. Nc5 Nf4 37. Ra7+ Kb6 38. Rxf7 Rd8 39. Nd7+ Kc6 40.
Nxe5+ Kd5 41. Nd7 Ke6 42. Rf8 Rxd7 43. Rb8 Rd5 44. Rb6+ Kf5 45. g3 Ne6 46. Rb8
Bf6 47. Re8 Ke5 48. Rc8 Kd6 49. c4 Bd4+ 50. Kf3 bxc4 51. Rxc4 Ng5+ 52. Kg4 Bb6
53. b5 Rd4+ 0-1

[Event "Titled Tue 3rd Jan Late"]
[Site "chess.com INT"]
[Date "2025.06.03"]
[Round "4"]
[White "Ponizil, Cyril"]
[Black "Hartge, Gedeon"]
[Result "1/2-1/2"]
[WhiteTitle "IM"]
[BlackTitle "FM"]
[WhiteElo "2450"]
[BlackElo "2328"]
[WhiteFideId "322202"]
[BlackFideId "12932116"]
[EventDate "2025.06.03"]

1. d4 d5 2. c4 dxc4 3. Nf3 Nf6 4. e3 a6 5. Bxc4 e6 6. a4 c5 7. O-O Nc6 8. dxc5
Qxd1 9. Rxd1 Bxc5 10. Nbd2 O-O 11. b3 Bd7 12. Be2 Rfd8 13. Bb2 Rac8 14. Nc4 Nb4
15. Rac1 Nfd5 16. Nfe5 Be8 17. g3 b5 18. axb5 axb5 19. Na5 Bb6 20. Nb7 Rxc1 21.
Rxc1 Rb8 22. Nd6 Na2 23. Ra1 Nac3 24. Bf3 b4 25. Nxe8 Rxe8 26. Nc4 Bc5 27. Bc1
f5 28. Bd2 g5 29. h3 Kg7 30. Ra5 Rc8 31. g4 Kf6 32. Kg2 f4 33. exf4 Nxf4+ 34.
Bxf4 gxf4 35. h4 h6 36. Ra6 Bd4 37. Nd6 Rb8 38. Ra5 Rd8 39. Nc4 Rc8 40. Rh5 Rxc4
41. bxc4 b3 42. Rxh6+ Kg7 43. Rxe6 b2 44. Re7+ Kf6 45. Rb7 b1=Q 46. g5+ Ke5 47.
Rxb1 Nxb1 48. h5 Nd2 49. Bd5 Kf5 50. g6 Kg5 51. Bf3 Nxc4 52. Be2 Nd6 53. Kf3 Nf5
54. Ke4 Bg7 55. Bd1 Nh4 56. Be2 Nf5 57. Bd1 Bh8 58. Kd5 Ng7 59. Ke4 Nxh5 60.
Bxh5 Kxh5 61. Kxf4 Kxg6 62. Kg4 Kf7 63. f4 Bf6 64. f5 Bg7 65. f6 Bxf6 1/2-1/2

[Event "Titled Tue 3rd Jan Late"]
[Site "chess.com INT"]
[Date "2025.06.03"]
[Round "4"]
[White "Deac, Bogdan-Daniel"]
[Black "Shandrygin, Nikita"]
[Result "1-0"]
[WhiteTitle "GM"]
[BlackTitle "FM"]
[WhiteElo "2668"]
[BlackElo "2209"]
[WhiteFideId "1226380"]
[BlackFideId "24198668"]
[EventDate "2025.06.03"]

1. Nf3 Nf6 2. c4 g6 3. Nc3 d5 4. cxd5 Nxd5 5. h4 Bg7 6. e4 Nxc3 7. dxc3 Qxd1+ 8.
Kxd1 h6 9. Kc2 c6 10. a4 Nd7 11. Be3 Nf6 12. Bd4 O-O 13. Nd2 Ng4 14. Bxg7 Kxg7
15. f3 Ne3+ 16. Kd3 Nxf1 17. Rhxf1 Rd8+ 18. Ke3 e5 19. Nc4 f6 20. Rfd1 Be6 21.
Rxd8 Rxd8 22. Nd2 Kf7 23. a5 f5 24. Ke2 f4 25. c4 g5 26. hxg5 hxg5 27. Rh1 Kg6
28. b3 g4 29. Nb1 b6 30. axb6 axb6 31. Nc3 b5 32. cxb5 cxb5 33. Nxb5 Bxb3 34.
Rc1 Ra8 35. fxg4 Kg5 36. Rc5 Ra2+ 37. Kf1 Kxg4 38. Nd6 Bd1 39. Rxe5 Be2+ 40. Ke1
f3 41. gxf3+ Bxf3 42. Rc5 Re2+ 43. Kf1 Rh2 44. Nc4 Kf4 45. Rf5+ Kxe4 46. Rf8
Be2+ 47. Kg1 Bxc4 48. Kxh2 Kd4 49. Rh8 Kc3 50. Rh4 Bd3 51. Kg3 Kd2 52. Kf4 Bb1
53. Rh2+ Kc1 54. Ke3 Bg6 55. Rg2 Bf5 56. Rf2 Bg6 57. Kd4 Kb1 58. Kc3 Ka1 59. Rg2
Bf5 60. Rg5 Bh7 61. Kb3 1-0

[Event "Titled Tue 3rd Jan Late"]
[Site "chess.com INT"]
[Date "2025.06.03"]
[Round "4"]
[White "Rosenberg, Evan S"]
[Black "Przybylski, Wojciech"]
[Result "1-0"]
[BlackTitle "FM"]
[WhiteElo "1989"]
[BlackElo "2340"]
[WhiteFideId "2019299"]
[BlackFideId "1117599"]
[EventDate "2025.06.03"]

1. d4 Nf6 2. Nf3 g6 3. e3 Bg7 4. Be2 O-O 5. O-O d5 6. b4 a5 7. b5 Nbd7 8. a4 Re8
9. Bb2 Nb6 10. Nbd2 Bg4 11. c4 dxc4 12. Nxc4 Nxc4 13. Bxc4 e6 14. h3 Bxf3 15.
Qxf3 Nd5 16. e4 Nb6 17. Bb3 Qd7 18. Rad1 c6 19. d5 cxd5 20. Bxg7 Kxg7 21. exd5
e5 22. d6 Rac8 23. Rfe1 Rc5 24. Re4 Nc8 25. Rh4 Nxd6 26. Rxd6 Qe7 27. g3 e4 28.
Qf4 g5 29. Rg4 h5 30. Rxg5+ Rxg5 31. Bxf7 Rf8 32. h4 Rxf7 33. Qxg5+ Qxg5 34.
hxg5 Rc7 35. Rd4 Re7 36. Kf1 Kg6 37. Rd5 Rc7 38. Ke2 Rc4 39. Ke3 Rxa4 40. Kf4
Rb4 41. Rd6+ Kf7 42. Rb6 a4 43. Rxb7+ Kg6 44. Rb6+ Kg7 45. Ra6 Rxb5 46. Rxa4 Rb2
47. Ke3 Kg6 48. Rxe4 Kxg5 49. Re5+ Kg6 50. f4 Rb3+ 51. Kf2 Ra3 52. Re3 Ra2+ 53.
Kf3 Ra4 54. Re6+ Kg7 55. g4 hxg4+ 56. Kxg4 Ra5 57. f5 Ra1 58. Kg5 Rg1+ 59. Kf4
Rf1+ 60. Kg5 Rg1+ 61. Kf4 Rf1+ 62. Ke5 Re1+ 63. Kd6 Kf7 64. Rxe1 1-0

[Event "Titled Tue 3rd Jan Late"]
[Site "chess.com INT"]
[Date "2025.06.03"]
[Round "4"]
[White "Gattani, Sarthak"]
[Black "Bustelo, Tabare"]
[Result "1/2-1/2"]
[BlackTitle "CM"]
[WhiteElo "1869"]
[BlackElo "2043"]
[WhiteFideId "30995965"]
[BlackFideId "3000362"]
[EventDate "2025.06.03"]

1. d4 c5 2. d5 d6 3. c4 b5 4. cxb5 a6 5. bxa6 g6 6. Nc3 Bg7 7. e4 Nf6 8. Nf3 O-O
9. Be2 Bxa6 10. O-O Bxe2 11. Qxe2 Na6 12. Rb1 Nc7 13. a3 e6 14. Rd1 exd5 15.
exd5 Re8 16. Qc2 Qe7 17. Bf4 Nh5 18. Be3 f5 19. h3 f4 20. Bxc5 dxc5 21. d6 Qf7
22. dxc7 Qxc7 23. Nd5 Qc6 24. Qc4 Kh8 25. Nxf4 Ra4 26. Qd5 Qxd5 27. Nxd5 Nf4 28.
Nxf4 Rxf4 29. b4 c4 30. Re1 Ra8 31. b5 Rxa3 32. Re8+ Rf8 33. Rxf8+ Bxf8 34. b6
Ra8 35. b7 Rb8 36. Ne5 c3 37. Nd3 c2 38. Rb3 Bg7 39. Kf1 h5 40. Ke2 Bh6 41. Rc3
Rxb7 42. Rxc2 Bg7 43. f4 Kh7 44. Nf2 Rb2 45. Rxb2 Bxb2 46. Kf3 Bg7 47. Ne4 Bf8
48. Ng5+ Kh6 49. Ke4 Be7 50. h4 Bd8 51. Ke5 Bc7+ 52. Ke4 Bb8 53. g3 Kg7 54. Kd5
Kf6 55. Ke4 Bc7 56. Nf3 Bb8 57. Ne5 Bc7 58. Kd5 Bb8 59. Nd7+ Kf5 60. Nxb8 Kg4
61. Ke4 Kxg3 62. Nd7 Kxh4 63. Nf6 Kg3 64. Ke3 h4 65. Ne4+ Kg2 66. Ng5 h3 67.
Nxh3 Kxh3 68. Ke4 Kg4 69. Ke5 Kg3 70. Ke4 Kg4 71. Ke3 g5 72. fxg5 Kxg5 1/2-1/2

[Event "Titled Tue 3rd Jan Late"]
[Site "chess.com INT"]
[Date "2025.06.03"]
[Round "4"]
[White "Aronian, Levon"]
[Black "Zhigalko, Sergei"]
[Result "0-1"]
[WhiteTitle "GM"]
[BlackTitle "GM"]
[WhiteElo "2747"]
[BlackElo "2572"]
[WhiteFideId "13300474"]
[BlackFideId "13502956"]
[EventDate "2025.06.03"]

1. c4 e5 2. Nc3 Nf6 3. Nf3 Nc6 4. d3 Bb4 5. Bd2 O-O 6. g3 Re8 7. Bg2 h6 8. O-O
a5 9. Ne1 d6 10. Nc2 Bc5 11. h3 Be6 12. Rc1 d5 13. cxd5 Nxd5 14. a3 Nxc3 15.
Bxc3 Qd7 16. Kh2 Bb3 17. Qe1 Bd5 18. Be4 Bxe4 19. dxe4 Red8 20. Rd1 Qe6 21. f3
Qc4 22. Rc1 Rd7 23. Na1 Qb5 24. Rc2 Be3 25. Bd2 Bb6 26. e3 Rad8 27. Bc1 a4 28.
Rff2 Rd1 29. Qe2 R8d3 30. Kg2 Na5 31. Rf1 Rxf1 32. Qxf1 Qd7 33. Qe2 Rd6 34. Rd2
Qc6 35. Rxd6 cxd6 36. Bd2 Nc4 37. Bc1 Nxa3 38. Qd1 Nc4 39. Nc2 Qb5 40. Qe2 Qb3
41. Na3 Nxa3 42. bxa3 Bc5 43. Qd2 Bxa3 44. Bxa3 Qxa3 45. f4 Qc5 46. Kf3 a3 47.
Qa2 b5 48. g4 b4 49. h4 Qb5 50. Qb3 Qf1+ 51. Kg3 Qe1+ 52. Kf3 Qf1+ 53. Kg3 exf4+
54. exf4 Qe1+ 55. Kg2 Qc3 56. Qd5 Qc2+ 57. Kg3 Qc3+ 58. Kg2 b3 59. g5 Qc2+ 60.
Kg3 Qc3+ 61. Kg4 Qc8+ 62. Kh5 hxg5 63. hxg5 Qh3# 0-1

[Event "Titled Tue 3rd Jan Late"]
[Site "chess.com INT"]
[Date "2025.06.03"]
[Round "4"]
[White "Bacrot, Etienne"]
[Black "Ali, Sebbar"]
[Result "1-0"]
[WhiteTitle "GM"]
[BlackTitle "IM"]
[WhiteElo "2633"]
[BlackElo "2400"]
[WhiteFideId "605506"]
[BlackFideId "8100977"]
[EventDate "2025.06.03"]

1. e4 c5 2. Nf3 Nc6 3. Bb5 Nf6 4. Nc3 g6 5. e5 Ng4 6. Bxc6 dxc6 7. h3 Nh6 8. d3
Bg7 9. Ne4 b6 10. g4 O-O 11. Bf4 f6 12. Qd2 Nf7 13. O-O-O fxe5 14. Bg3 Be6 15.
Kb1 a5 16. Qe2 a4 17. Nfg5 Nxg5 18. Nxg5 Bd5 19. Rhe1 h6 20. Ne4 a3 21. b3 Ra7
22. Nd2 e6 23. f3 Raf7 24. Bxe5 Bxe5 25. Qxe5 Qf6 26. Kc1 Kg7 27. f4 Qxe5 28.
Rxe5 Rxf4 29. c4 Bg2 30. Re3 Rf2 31. Rg1 g5 32. Kc2 R8f6 33. Kc3 Kf7 34. Rge1
Ke7 35. Rg3 Kd6 36. Rg1 Bf1 37. Ne4+ Ke7 38. Nxf6 Rxf6 39. Kd2 Rf2+ 40. Ke3 Rf4
41. Rh1 Kd6 42. Rgg1 Bxd3 43. Kxd3 Rf2 44. Ra1 e5 45. Ke3 Rb2 46. h4 Rg2 47.
hxg5 hxg5 48. Rh6+ Kc7 49. Kf3 Rd2 50. Rg6 b5 51. Rxg5 bxc4 52. bxc4 Kb6 53. Ke3
Rb2 54. Rxe5 Rg2 55. g5 Ka5 56. Rxc5+ Kb4 57. Rxc6 Rxg5 58. Rb1+ Kc3 59. Rb3+
Kc2 60. Kf4 Ra5 61. c5 Ra8 62. Ke5 Kc1 63. Rd6 Re8+ 64. Kd5 Re2 65. Rxa3 1-0

[Event "Titled Tue 3rd Jan Late"]
[Site "chess.com INT"]
[Date "2025.06.03"]
[Round "4"]
[White "Daianu, Cristian-Clement"]
[Black "Lymar, Vladislav"]
[Result "0-1"]
[WhiteTitle "FM"]
[BlackTitle "CM"]
[WhiteElo "2205"]
[BlackElo "2216"]
[WhiteFideId "1208926"]
[BlackFideId "14162180"]
[EventDate "2025.06.03"]

1. e4 d5 2. exd5 Qxd5 3. Nf3 Bg4 4. Be2 Nc6 5. d4 O-O-O 6. Be3 e5 7. c4 Qa5+ 8.
Bd2 Bb4 9. d5 Bxf3 10. Bxf3 Nd4 11. a3 Bxd2+ 12. Nxd2 f5 13. O-O g5 14. b4 Qa6
15. Re1 g4 16. Be2 Qf6 17. Bf1 Ne7 18. Nb3 Nxb3 19. Qxb3 h5 20. Rad1 h4 21. c5
g3 22. fxg3 hxg3 23. Qxg3 f4 24. Qf3 Nf5 25. c6 Nd4 26. Qf2 Rxd5 27. cxb7+ Kb8
28. Rc1 Rdd8 29. Rc5 Rde8 30. Rec1 Nb3 31. Rxc7 Nxc1 32. Rxc1 Qb6 33. Qxb6 axb6
34. Ba6 Ka7 35. Bb5 Rd8 36. Bc6 Rd3 37. Be4 Rdd8 38. h3 Rhg8 39. a4 Kb8 40. a5
bxa5 41. bxa5 Rd6 42. Ra1 Ra6 43. Bd3 Rd6 44. Be4 Rgd8 45. Kh2 Ra6 46. Bf3 Rd4
47. h4 Ka7 48. Rb1 Rd8 49. h5 Rxa5 50. Kh3 Ra6 51. Kh4 Re6 52. Ra1+ Kb6 53. Ra8
Ree8 54. Ra2 e4 55. Rb2+ Ka7 56. Bg4 e3 57. Bc8 Kb8 58. Re2 Re7 59. Kg4 Rd2 60.
Kf3 Rxe2 61. Kxe2 Kc7 62. h6 Rh7 0-1